Byzantine Egypt: (رقم التسجيلة. 153792)

تفاصيل مارك
000 -LEADER
fixed length control field 00965cam a22002891 4500
008 - FIXED-LENGTH DATA ELEMENTS--GENERAL INFORMATION
fixed length control field 770701s1949 nju b 000 0 eng
010 ## - LIBRARY OF CONGRESS CONTROL NUMBER
LC control number 49008592
040 ## - CATALOGING SOURCE
Original cataloging agency DLC
Transcribing agency OC
Modifying agency OCoLC
-- OrPS
-- NSbSU
-- DLC
043 ## - GEOGRAPHIC AREA CODE
Geographic area code f-ua---
050 00 - LIBRARY OF CONGRESS CALL NUMBER
Classification number HC33
Item number .J6
082 ## - DEWEY DECIMAL CLASSIFICATION NUMBER
Classification number 330.962
092 04 - LOCALLY ASSIGNED DEWEY CALL NUMBER (OCLC)
Classification number 330.962
Item number J661
Edition number 21
099 ## - LOCAL FREE-TEXT CALL NUMBER (OCLC)
Classification number 04
-- 330.962 J661
100 1# - MAIN ENTRY--PERSONAL NAME
Personal name Johnson, Allan Chester,
Dates associated with a name 1881-1955.
245 10 - TITLE STATEMENT
Title Byzantine Egypt:
Remainder of title economic studies/
Statement of responsibility, etc. by Allan Chester Johnson and Louis C. West.
260 ## - PUBLICATION, DISTRIBUTION, ETC.
Place of publication, distribution, etc. Princeton:
Name of publisher, distributor, etc. Princeton Univ. Press,
Date of publication, distribution, etc. 1949.
300 ## - PHYSICAL DESCRIPTION
Extent viii, 344 p.;
Dimensions 25 cm.
440 #0 - SERIES STATEMENT/ADDED ENTRY--TITLE
Title Princeton University studies in papyrology;
Volume/sequential designation no. 6
504 ## - BIBLIOGRAPHY, ETC. NOTE
Bibliography, etc. note Bibliography: p. 333-335.
651 #0 - SUBJECT ADDED ENTRY--GEOGRAPHIC NAME
Geographic name Egypt
General subdivision Economic conditions.
700 1# - ADDED ENTRY--PERSONAL NAME
Personal name West, Louis C.
Fuller form of name (Louis Caulton),
Dates associated with a name 1882-
Relator term
902 ## - LOCAL DATA ELEMENT B, LDB (RLIN)
No. of Items 1
905 ## - LOCAL DATA ELEMENT E, LDE (RLIN)
Cataloger Ghada
Reviser Cat
905 ## - LOCAL DATA ELEMENT E, LDE (RLIN)
Cataloger Jihan
Reviser Rev.
942 ## - ADDED ENTRY ELEMENTS (KOHA)
Source of classification or shelving scheme Dewey Decimal Classification
Koha item type Books
المقتنيات
Source of classification or shelving scheme Not for loan Home library Current library Date acquired Full call number Barcode Date last seen Copy number Koha item type
Dewey Decimal Classification   المكتبة المركزبة الجديدة - جامعة القاهرة قاعة المكتبات المهداة - الدور الرابع 11.02.2024 330.962 J661 H.R. 01000110204198000 23.06.2024 C.1 Books
Cairo University Libraries Portal Implemented & Customized by: Eng. M. Mohamady Contacts: new-lib@cl.cu.edu.eg | cnul@cl.cu.edu.eg
CUCL logo CNUL logo
© All rights reserved — Cairo University Libraries
CUCL logo
Implemented & Customized by: Eng. M. Mohamady Contact: new-lib@cl.cu.edu.eg © All rights reserved — New Central Library
CNUL logo
Implemented & Customized by: Eng. M. Mohamady Contact: cnul@cl.cu.edu.eg © All rights reserved — Cairo National University Library